000 00941cam a22002411a 4500
001 e 28000517
003 DLC
005 20260227111218.0
008 861023s1925 pr s000 0 eng c
010 _ae 28000517
035 _a(OCoLC)14511524
040 _aLibrary, U.S. Dept. of Education
_cCtU
_dCtU
_dDLC
042 _apremarc
050 0 0 _aTX725
_b.W6
100 1 _aWillsey, Elsie Mae.
245 1 0 _aTropical foods /
_cby Elsie Mae Willsey.
260 _aSan Juan, P.R. :
_bBureau of Supplies, Printing, and Transportation,
_c1925.
300 _a3 v. ;
_c23 cm.
490 0 _aBulletin / Puerto Rico. Dept. of Education ;
_vno. 3, 1925, whole number 62
504 _aBibliography: p. [30]
505 0 _aBulletin no. 1 Vegetables : chayote, yautia, plantain, banaana -- Bulletin no. 2 Vegetables : arracacha, breadfruit, casava, leren, malanga -- Bulletin no. 3 Vegetables : rice and legumes.
650 0 _aCooking, Puerto Rican.
999 _c20931
_d20931